000 00737nam a2200205 i 4500
001 90540
003 ES-MaACL
005 20250415213638.0
007 t|
008 050121s1975 sp ||||1| spa d
100 1 _aLenin, Vladimir Il'ich,
_d1870-1924
_971523
245 1 0 _aMaterialismo y empiriocriticismo
_b: notas críticas sobre una filosofía reaccionaria /
_cVladimir Illicht Lenin ; [introducción de Manuel Sacristán].
260 _a[Barcelona] :
_bGrijalbo,
_c[1975]
300 _aXXXIV, 287 p. ;
_c19 cm.
490 1 _aInstrumentos ;
_v2
700 1 _aSacristán, Manuel,
_d1925-1985
_9101268
830 0 _aInstrumentos ;
_v2
_9184403
852 _aES-MaACL
_jE-8466
_bR.92216
999 _c90540
_d90540